[Event "Perth AUS Open"]
[Site "?"]
[Date "2023.01.03"]
[Round "2.13"]
[White "Dagza, Ben"]
[Black "Qi, Mars"]
[Result "0-1"]
[WhiteElo "1726"]
[BlackElo "2087"]
[PlyCount "84"]
[EventDate "2023.01.??"]
[EventRounds "11"]
[EventCountry "AUS"]
[SourceVersionDate "2023.01.02"]

1. d4 Nf6 2. Nf3 g6 3. e3 Bg7 4. Bd3 d5 5. b3 c5 6. Bb2 Nc6 7. Nbd2 cxd4 8. exd4 O-O 9. O-O Nb4 10. Be2 Bf5 11. c3 Nd3 12. Bxd3 Bxd3 13. Re1 Rc8 14. Ne5 Ba6 15. Re3 b6 16. Ba3 Rc7 17. f4 Bb7 18. Qe2 Re8 19. g4 Qc8 20. Bb2 Ne4 21. Nxe4 dxe4 22. g5 f6 23. Ng4 Qf5 24. gxf6 exf6 25. Rf1 h5 26. Nf2 Bh6 27. Nh3 Qg4+ 28. Kf2 Bxf4 29. Nxf4 Qxf4+ 30. Ke1 Qh4+ 31. Kd2 f5 32. Rg3 f4 33. Rxg6+ Kh7 34. Rfg1 e3+ 35. Kc1 Rf7 36. Qb5 Ree7 37. R6g5 Bf3 38. Ba3 e2 39. Bxe7 e1=Q+ 40. Kb2 Qhf2+ 41. Ka3 Qxe7+ 42. b4 Qfe2 0-1

[Event "Perth AUS Open"]
[Site "?"]
[Date "2023.01.03"]
[Round "2.14"]
[White "Lakner, Jay"]
[Black "Gao, Oscar"]
[Result "1-0"]
[WhiteElo "2060"]
[BlackElo "1727"]
[PlyCount "61"]
[EventDate "2023.01.??"]
[EventRounds "11"]
[EventCountry "AUS"]
[SourceVersionDate "2023.01.02"]

1. c4 c6 2. Nc3 d5 3. cxd5 cxd5 4. d4 Nf6 5. Bf4 a6 6. e3 Nc6 7. Bd3 e6 8. Nf3 Bd6 9. Bg3 Qc7 10. Rc1 Qb8 11. O-O O-O 12. e4 Bxg3 13. hxg3 dxe4 14. Nxe4 Nxe4 15. Bxe4 Bd7 16. Re1 Rd8 17. Rc5 e5 18. Nxe5 Nxe5 19. Rxe5 Be6 20. Bf3 Bxa2 21. Qa4 Be6 22. d5 Bd7 23. Qa3 h6 24. Re7 Bf5 25. Bh5 g6 26. Qf3 Qc8 27. g4 Rxd5 28. Qxd5 Be6 29. R1xe6 fxe6 30. Rxe6 Qc1+ 31. Re1+ 1-0

[Event "Perth AUS Open"]
[Site "?"]
[Date "2023.01.03"]
[Round "2.15"]
[White "Li, Tedric"]
[Black "Teh Rui Gen"]
[Result "1-0"]
[WhiteElo "1688"]
[BlackElo "2028"]
[PlyCount "147"]
[EventDate "2023.01.??"]
[EventRounds "11"]
[EventCountry "AUS"]
[SourceVersionDate "2023.01.02"]

1. d4 Nf6 2. c4 e6 3. Nc3 Bb4 4. e3 b6 5. Nge2 Ba6 6. a3 Bxc3+ 7. Nxc3 d5 8. b3 O-O 9. Bd3 dxc4 10. bxc4 Nc6 11. Bb2 Na5 12. Qe2 c5 13. Rd1 Qe7 14. O-O Rfd8 15. d5 Ne8 16. dxe6 Qxe6 17. Nd5 Rab8 18. Qh5 Qh6 19. Qxh6 gxh6 20. Bc3 Bxc4 21. Bxc4 Nxc4 22. a4 Rd7 23. e4 Rbd8 24. Bf6 Rxd5 25. Bxd8 Re5 26. Rfe1 Nb2 27. Rd5 Re6 28. a5 Na4 29. axb6 axb6 30. e5 b5 31. Ra1 Rc6 32. Be7 Rc7 33. Bd6 Rc6 34. Kf1 Kg7 35. f4 Nc7 36. Bxc7 Rxc7 37. Ke1 Nc3 38. Rd3 b4 39. Kd2 c4 40. Rg3+ Kf8 41. Rxc3 bxc3+ 42. Kxc3 Rb7 43. g3 Rb3+ 44. Kxc4 Rb2 45. h4 Kg7 46. Kd4 Rb3 47. Rg1 Kg6 48. g4 Rb4+ 49. Ke3 Rb3+ 50. Ke4 Rb4+ 51. Kf3 Rb3+ 52. Kg2 h5 53. f5+ Kg7 54. Kf2 Rb5 55. gxh5+ Kf8 56. Re1 f6 57. Kf3 fxe5 58. Ke4 Rb4+ 59. Kxe5 Rxh4 60. Ra1 Rxh5 61. Ke6 Rh2 62. Ra8+ Kg7 63. f6+ Kg6 64. Rg8+ Kh5 65. f7 Re2+ 66. Kd5 Rf2 67. f8=Q Rxf8 68. Rxf8 Kg4 69. Ke4 h5 70. Ke3 Kg3 71. Ke2 h4 72. Kf1 Kh2 73. Rh8 h3 74. Kf2 1-0

[Event "Perth AUS Open"]
[Site "?"]
[Date "2023.01.03"]
[Round "2.16"]
[White "Hare, Tim"]
[Black "Teh Hui Lam"]
[Result "1-0"]
[WhiteElo "2017"]
[BlackElo "1706"]
[PlyCount "89"]
[EventDate "2023.01.??"]
[EventRounds "11"]
[EventCountry "AUS"]
[SourceVersionDate "2023.01.02"]

1. Nf3 Nf6 2. g3 g6 3. Bg2 Bg7 4. d3 c5 5. c3 d6 6. O-O O-O 7. a4 Nc6 8. Na3 Bf5 9. e4 Bg4 10. h3 Bd7 11. Nc4 Qc7 12. Bg5 h6 13. Be3 Rad8 14. Qd2 Kh7 15. Qc2 b6 16. Nfd2 Bc8 17. f4 d5 18. Na3 dxe4 19. dxe4 Bb7 20. Rad1 Rd7 21. Ndc4 Rfd8 22. Nb5 Qb8 23. Rxd7 Rxd7 24. g4 a6 25. Nxb6 axb5 26. Nxd7 Nxd7 27. axb5 Na7 28. Rd1 Qc7 29. Qd3 Nb6 30. Qd8 Nxb5 31. Qxc7 Nxc7 32. Bxc5 Na4 33. Bxe7 Ne6 34. f5 Nf4 35. f6 Nxg2 36. Kxg2 Bxe4+ 37. Kg3 Bh8 38. Rd4 Bc2 39. Rb4 g5 40. c4 Kg6 41. c5 Nxc5 42. Bxc5 Bxf6 43. Rb6 Kg7 44. Bf8+ Kxf8 45. Rxf6 1-0

[Event "Perth AUS Open"]
[Site "?"]
[Date "2023.01.03"]
[Round "2.17"]
[White "Can, Ryan"]
[Black "Vlietstra, Marc"]
[Result "1/2-1/2"]
[WhiteElo "1658"]
[BlackElo "2007"]
[PlyCount "65"]
[EventDate "2023.01.??"]
[EventRounds "11"]
[EventCountry "AUS"]
[SourceVersionDate "2023.01.02"]

1. d4 Nf6 2. c4 b6 3. Nc3 Bb7 4. f3 d5 5. cxd5 Nxd5 6. e4 Nxc3 7. bxc3 e6 8. Be3 Be7 9. Bc4 O-O 10. Ne2 Nd7 11. O-O c5 12. e5 Qc7 13. Rc1 Rfd8 14. Qe1 Rac8 15. Qg3 cxd4 16. cxd4 Ba3 17. Bh6 g6 18. Rc2 Ba6 19. f4 Bf8 20. Bxf8 Nxf8 21. Rfc1 Bxc4 22. Rxc4 Qd7 23. Qc3 Rxc4 24. Qxc4 Qd5 25. Qxd5 Rxd5 26. Rc7 Ra5 27. Nc3 b5 28. Rb7 a6 29. g4 Ra3 30. Ne4 Rf3 31. Nf6+ Kg7 32. Ne8+ Kg8 33. Nf6+ 1/2-1/2

[Event "Perth AUS Open"]
[Site "?"]
[Date "2023.01.03"]
[Round "2.18"]
[White "Hurst, Benjamin"]
[Black "Salasan, Haran"]
[Result "0-1"]
[WhiteElo "1628"]
[BlackElo "2002"]
[PlyCount "82"]
[EventDate "2023.01.??"]
[EventRounds "11"]
[EventCountry "AUS"]
[SourceVersionDate "2023.01.02"]

1. c4 c6 2. Nc3 d5 3. d4 Nf6 4. Bg5 dxc4 5. e3 b5 6. Bxf6 exf6 7. Nxb5 cxb5 8. Qf3 Bb4+ 9. Kd1 Nc6 10. Qxc6+ Bd7 11. Qe4+ Be7 12. Be2 O-O 13. Bg4 Be8 14. Ne2 g6 15. Ng3 Kh8 16. h4 f5 17. Nxf5 gxf5 18. Bxf5 Bd7 19. Rh3 Bxf5 20. Qxf5 Rb8 21. Rc1 Rb6 22. Ke2 a6 23. Rf3 Rg6 24. g3 Kg8 25. Rf4 Qc8 26. Qxc8 Rxc8 27. b3 Rgc6 28. d5 Rc5 29. bxc4 Rxc4 30. Rfxc4 Rxc4 31. Rxc4 bxc4 32. e4 Bd6 33. f4 h5 34. e5 Bc5 35. f5 Kf8 36. a4 a5 37. d6 Bd4 38. e6 fxe6 39. fxe6 Be5 40. d7 Ke7 41. Kd2 Bf6 0-1

[Event "Perth AUS Open"]
[Site "?"]
[Date "2023.01.03"]
[Round "2.19"]
[White "Kinsman, Craig C"]
[Black "Wolstencroft, Alan"]
[Result "1-0"]
[WhiteElo "1986"]
[BlackElo "1702"]
[PlyCount "39"]
[EventDate "2023.01.??"]
[EventRounds "11"]
[EventCountry "AUS"]
[SourceVersionDate "2023.01.02"]

1. e4 c5 2. Nf3 d6 3. d4 cxd4 4. Nxd4 Nf6 5. Nc3 a6 6. Bg5 e6 7. f4 Nbd7 8. Bc4 Qc7 9. Bb3 b5 10. a3 Be7 11. Bxe6 fxe6 12. Nxe6 Qc4 13. Nxg7+ Kf8 14. Nf5 Qe6 15. Qd4 Bb7 16. O-O-O Rg8 17. Rhe1 Rxg5 18. fxg5 Ng8 19. h4 Ne5 20. Rf1 1-0

[Event "Perth AUS Open"]
[Site "?"]
[Date "2023.01.03"]
[Round "2.20"]
[White "Shen, Fiona"]
[Black "Bassig, Hamish"]
[Result "0-1"]
[WhiteElo "1625"]
[BlackElo "1973"]
[PlyCount "98"]
[EventDate "2023.01.??"]
[EventRounds "11"]
[EventCountry "AUS"]
[SourceVersionDate "2023.01.02"]

1. d4 Nf6 2. c4 e6 3. Nc3 Bb4 4. a3 Bxc3+ 5. bxc3 Ne4 6. Qc2 f5 7. Nf3 b6 8. Bf4 d6 9. e3 Nd7 10. Bd3 Bb7 11. O-O O-O 12. Nd2 Nxd2 13. Qxd2 e5 14. Bg3 Qf6 15. f3 Rae8 16. Bc2 Kh8 17. Ba4 c6 18. d5 Rc8 19. Rfd1 Nc5 20. Bc2 cxd5 21. cxd5 Ba6 22. e4 f4 23. Bf2 g5 24. Bxc5 Rxc5 25. Bd3 Bxd3 26. Qxd3 Rfc8 27. Qa6 Qg7 28. Rac1 g4 29. Kh1 Rg8 30. Rg1 g3 31. h3 Qc7 32. Qd3 Rc8 33. a4 Rxc3 34. Rxc3 Qxc3 35. Qb5 Qc5 36. Qb2 Kg7 37. Rb1 Kf7 38. Qb5 Qc1+ 39. Qf1 Qxf1+ 40. Rxf1 Rc2 41. Ra1 Ke7 42. Kg1 Kd7 43. Kf1 Kc7 44. Rb1 a6 45. h4 h5 46. Ke1 Rxg2 47. Rc1+ Kd7 48. Rc6 Rb2 49. a5 g2 0-1

[Event "Perth AUS Open"]
[Site "?"]
[Date "2023.01.03"]
[Round "2.21"]
[White "Li Hui"]
[Black "Baneshi, Kiamehr"]
[Result "1-0"]
[WhiteElo "1956"]
[BlackElo "1671"]
[PlyCount "105"]
[EventDate "2023.01.??"]
[EventRounds "11"]
[EventCountry "AUS"]
[SourceVersionDate "2023.01.02"]

1. e4 c5 2. Nf3 d6 3. d4 cxd4 4. Nxd4 Nf6 5. Nc3 a6 6. Be2 e5 7. Nb3 Be7 8. O-O O-O 9. Be3 Be6 10. Qd2 Nbd7 11. a4 Qc7 12. a5 Rac8 13. Rfd1 Rfd8 14. Qe1 Qc6 15. Bf3 Nc5 16. Nc1 Rc7 17. N1a2 Rcd7 18. Nb4 Qc8 19. Nbd5 Bxd5 20. Nxd5 Nxd5 21. Rxd5 Ne6 22. c3 Qc6 23. Rad1 Re8 24. g3 Bd8 25. Qd2 Bc7 26. Rxe5 dxe5 27. Qxd7 Rd8 28. Qxc6 Rxd1+ 29. Bxd1 bxc6 30. b4 c5 31. Be2 cxb4 32. cxb4 Bd6 33. b5 axb5 34. Bxb5 Nc7 35. Bc4 Kf8 36. a6 f5 37. exf5 Ke7 38. a7 Kf6 39. Bd5 Kxf5 40. a8=Q Nxa8 41. Bxa8 g5 42. f3 h5 43. Be4+ Kf6 44. Kf2 Ba3 45. Ke2 Bb4 46. Kd3 Be1 47. Kc4 h4 48. gxh4 gxh4 49. h3 Ba5 50. Kd5 Bc3 51. Bb6 Kg5 52. Bd8+ Kf4 53. Bxh4 1-0

[Event "Perth AUS Open"]
[Site "?"]
[Date "2023.01.03"]
[Round "2.22"]
[White "Chen, Angus"]
[Black "Nguyen Hong Anh"]
[Result "0-1"]
[WhiteElo "1394"]
[BlackElo "1954"]
[PlyCount "46"]
[EventDate "2023.01.??"]
[EventRounds "11"]
[EventCountry "AUS"]
[SourceVersionDate "2023.01.02"]

1. e4 c5 2. Nc3 Nc6 3. Bb5 Nd4 4. Bc4 d6 5. f4 g6 6. Nge2 Bg7 7. O-O Nf6 8. d3 O-O 9. Nxd4 cxd4 10. Ne2 d5 11. exd5 Nxd5 12. Bd2 Ne3 13. Bxe3 dxe3 14. c3 b5 15. Bb3 b4 16. d4 bxc3 17. bxc3 Ba6 18. c4 Rc8 19. Rc1 Qb6 20. Rf3 Rfd8 21. c5 Qb4 22. d5 Qd2 23. Bc4 Bxc4 0-1

[Event "Perth AUS Open"]
[Site "?"]
[Date "2023.01.03"]
[Round "2.23"]
[White "Maris, Rob"]
[Black "Phillips, Max"]
[Result "1/2-1/2"]
[WhiteElo "1925"]
[BlackElo "1506"]
[PlyCount "52"]
[EventDate "2023.01.??"]
[EventRounds "11"]
[EventCountry "AUS"]
[SourceVersionDate "2023.01.02"]

1. c4 g6 2. Nc3 Nf6 3. g3 Bg7 4. Bg2 O-O 5. Nf3 d6 6. d4 Nbd7 7. O-O Re8 8. Qc2 e5 9. b3 exd4 10. Nxd4 Nc5 11. Rd1 Qe7 12. f3 c6 13. e4 Nfd7 14. Bb2 Qg5 15. f4 Qe7 16. Rd2 f5 17. Re1 Nf6 18. Rde2 Ng4 19. Qd2 Qf7 20. h3 Nf6 21. exf5 Rxe2 22. Rxe2 gxf5 23. Kh2 Bd7 24. Ba3 Re8 25. Bxc5 dxc5 26. Rxe8+ Qxe8 1/2-1/2

[Event "Perth AUS Open"]
[Site "?"]
[Date "2023.01.03"]
[Round "2.24"]
[White "Milner, Anthony James"]
[Black "Tan Zhong Kai"]
[Result "0-1"]
[WhiteElo "1102"]
[BlackElo "1923"]
[PlyCount "64"]
[EventDate "2023.01.??"]
[EventRounds "11"]
[EventCountry "AUS"]
[SourceVersionDate "2023.01.02"]

1. e4 c5 2. Nf3 Nc6 3. d4 cxd4 4. Nxd4 g6 5. Be3 Nf6 6. Nc3 Bg7 7. g3 d6 8. h3 Bd7 9. f4 O-O 10. Bd3 Qb6 11. Bb5 Qc7 12. Qd2 Nxe4 13. Nxe4 Nxd4 14. Bxd4 Bxb5 15. Bxg7 Kxg7 16. h4 Qc4 17. Nc3 Bc6 18. Rf1 Qe6+ 19. Ne2 Bb5 20. Kf2 Rfc8 21. Nd4 Qd5 22. g4 Rxc2 23. Qxc2 Qxd4+ 24. Kg2 Bxf1+ 25. Rxf1 Qd5+ 26. Kg1 Qc6 27. Qe2 Rc8 28. Qxe7 Re8 29. Qg5 Re2 30. Rf2 Qb6 31. h5 Qxf2+ 32. Kh1 Qg2# 0-1

[Event "Perth AUS Open"]
[Site "?"]
[Date "2023.01.03"]
[Round "2.26"]
[White "Norris, Damian"]
[Black "Solomontchik, Daniel"]
[Result "1-0"]
[WhiteElo "1890"]
[BlackElo "1452"]
[PlyCount "78"]
[EventDate "2023.01.??"]
[EventRounds "11"]
[EventCountry "AUS"]
[SourceVersionDate "2023.01.02"]

1. e4 c5 2. Nf3 e6 3. d4 cxd4 4. Nxd4 a6 5. Be2 Nf6 6. Nc3 b5 7. e5 b4 8. exf6 bxc3 9. fxg7 Bxg7 10. b3 Bb7 11. Ba3 Nc6 12. Nxc6 Bxc6 13. Bf3 Qc7 14. Bd6 Qb7 15. Bxc6 Qxc6 16. O-O Rg8 17. f3 Bf8 18. Bxf8 Kxf8 19. Qd4 Ke7 20. Qh4+ Kd6 21. Rad1+ Kc7 22. Rd4 Qc5 23. Kh1 d5 24. Rfd1 Rg7 25. b4 Qc6 26. Qe7+ Kb6 27. Rf4 Ra7 28. Qf6 Rg6 29. Qd4+ Kb7 30. Rxf7+ Kc8 31. Rxa7 e5 32. Qxe5 Qb6 33. Qe8+ Qd8 34. Ra8+ Kb7 35. Qxd8 Rxg2 36. Kxg2 Kc6 37. Qxd5+ Kb6 38. a4 a5 39. Qb5+ Kc7 1-0

[Event "Perth AUS Open"]
[Site "?"]
[Date "2023.01.03"]
[Round "2.27"]
[White "Kelly, Adam"]
[Black "Rice, Leah"]
[Result "0-1"]
[WhiteElo "2006"]
[BlackElo "1403"]
[PlyCount "142"]
[EventDate "2023.01.??"]
[EventRounds "11"]
[EventCountry "AUS"]
[SourceVersionDate "2023.01.02"]

1. d4 d5 2. c4 c6 3. cxd5 cxd5 4. Bf4 Nf6 5. Nc3 e6 6. e3 Bb4 7. Bd3 O-O 8. a3 Bd6 9. Bxd6 Qxd6 10. f4 Nc6 11. Nf3 Nd7 12. g4 Na5 13. Qc2 f5 14. gxf5 exf5 15. Bxf5 Nf6 16. Bd3 Nc4 17. Bxc4 dxc4 18. Ne5 Ng4 19. Qe2 Nxe5 20. fxe5 Qg6 21. O-O-O b5 22. Rhg1 Qh6 23. Nxb5 Bf5 24. Qxc4+ Kh8 25. Qe2 Rfc8+ 26. Nc3 Rab8 27. Qd2 Rxc3+ 28. Qxc3 Rc8 29. Rge1 Rxc3+ 30. bxc3 Qa6 31. e4 Qxa3+ 32. Kd2 Bd7 33. Rb1 h6 34. Rb8+ Kh7 35. Reb1 a6 36. d5 Bb5 37. R1xb5 axb5 38. Rxb5 Qa2+ 39. Kd3 Qxh2 40. d6 Qh3+ 41. Kd4 Qd7 42. Rc5 h5 43. Rc7 Qd8 44. Kd5 h4 45. e6 h3 46. e7 Qa8+ 47. Ke6 h2 48. Kd7 h1=Q 49. e8=Q Qh3+ 50. Qe6 Qe8+ 51. Kxe8 Qxe6+ 52. Re7 Qxd6 53. e5 Qc6+ 54. Kf8 Qc8+ 55. Re8 Qxc3 56. Re6 Qc8+ 57. Kf7 Qg8+ 58. Ke7 g5 59. Rf6 g4 60. e6 g3 61. Rf7+ Kg6 62. Rf4 Kg5 63. Rf8 Qg7+ 64. Rf7 Qd4 65. Rf8 Qe5 66. Rg8+ Kh6 67. Kf7 Qf5+ 68. Ke8 Qxe6+ 69. Kf8 Qxg8+ 70. Kxg8 g2 71. Kh8 Kg6 0-1

[Event "Perth AUS Open"]
[Site "?"]
[Date "2023.01.03"]
[Round "2.28"]
[White "Saxon, Marc"]
[Black "Koh, Shannon"]
[Result "1/2-1/2"]
[WhiteElo "1813"]
[BlackElo "1541"]
[PlyCount "92"]
[EventDate "2023.01.??"]
[EventRounds "11"]
[EventCountry "AUS"]
[SourceVersionDate "2023.01.02"]

1. e4 c5 2. Nf3 e6 3. d4 cxd4 4. Nxd4 a6 5. Bd3 Bc5 6. Nb3 Ba7 7. Qg4 Nf6 8. Qg3 Nc6 9. e5 Nh5 10. Qh3 g6 11. g4 Ng7 12. Qh6 O-O 13. Bg5 Qb6 14. Be3 Qb4+ 15. Nc3 Nxe5 16. O-O-O Bxe3+ 17. fxe3 Qxg4 18. Be2 Qb4 19. Nd4 b6 20. Ne4 f6 21. Rhf1 Qe7 22. Qh4 Ne8 23. Nf3 Nxf3 24. Rxf3 d5 25. Nf2 Nd6 26. Bd3 e5 27. e4 d4 28. Ng4 Bxg4 29. Qxg4 Rf7 30. h4 b5 31. h5 g5 32. Rdf1 Raf8 33. h6 Nc4 34. Bxc4 bxc4 35. Ra3 Qd6 36. Rd1 Rc7 37. Rf3 Rfc8 38. Rdf1 c3 39. Rxf6 cxb2+ 40. Kb1 Qc5 41. Qxg5+ Kh8 42. Rf8+ Rxf8 43. Rxf8+ Qxf8 44. Qxe5+ Kg8 45. Qxc7 Qxh6 46. Kxb2 Qe3 1/2-1/2

[Event "Perth AUS Open"]
[Site "?"]
[Date "2023.01.03"]
[Round "2.29"]
[White "Ho, Lachlan"]
[Black "Brown, Greg"]
[Result "1-0"]
[WhiteElo "1703"]
[BlackElo "1312"]
[PlyCount "113"]
[EventDate "2023.01.??"]
[EventRounds "11"]
[EventCountry "AUS"]
[SourceVersionDate "2023.01.02"]

1. e4 c5 2. c3 Nc6 3. d4 cxd4 4. cxd4 d5 5. exd5 Qxd5 6. Nf3 e6 7. Nc3 Qd8 8. Bb5 Bd7 9. O-O Nf6 10. Re1 Be7 11. d5 exd5 12. Nxd5 Nxd5 13. Qxd5 O-O 14. Bf4 Bf6 15. Ne5 Bxe5 16. Bxe5 Nxe5 17. Rxe5 Be6 18. Qxb7 Qd4 19. Re2 Bg4 20. Qe4 Qxe4 21. Rxe4 Be6 22. Bc4 Bxc4 23. Rxc4 Rfd8 24. Rac1 Kf8 25. g3 g6 26. Rc7 Rd2 27. Rb7 Re8 28. Rcc7 Re1+ 29. Kg2 Ree2 30. Rxf7+ Kg8 31. a4 Rxb2 32. Rxb2 Rxb2 33. Rxa7 Rb4 34. a5 Ra4 35. a6 Ra2 36. h4 Kh8 37. Kf3 Ra4 38. g4 h6 39. Kg3 Ra3+ 40. Kf4 Ra4+ 41. Ke5 Rxg4 42. Rb7 Rxh4 43. a7 Ra4 44. Rb8+ Kg7 45. a8=Q Rxa8 46. Rxa8 h5 47. Kf4 Kh6 48. Ra6 h4 49. Kg4 h3 50. Kxh3 Kg5 51. Kg3 Kf5 52. f4 g5 53. Ra5+ Kg6 54. fxg5 Kg7 55. Kg4 Kg6 56. Ra6+ Kg7 57. Kf5 1-0

[Event "Perth AUS Open"]
[Site "?"]
[Date "2023.01.03"]
[Round "2.32"]
[White "Andador, Dominador"]
[Black "Yu Leiming"]
[Result "0-1"]
[WhiteElo "1886"]
[BlackElo "1511"]
[PlyCount "156"]
[EventDate "2023.01.??"]
[EventRounds "11"]
[EventCountry "AUS"]
[SourceVersionDate "2023.01.02"]

1. Nf3 d5 2. g3 g6 3. Bg2 Bg7 4. d3 e5 5. Nc3 Nc6 6. e4 d4 7. Ne2 Bg4 8. c4 Nf6 9. Qb3 Rb8 10. h3 Bxf3 11. Bxf3 Qd6 12. Bd2 O-O 13. Bg2 Nd7 14. a3 Nc5 15. Qc2 a5 16. b4 axb4 17. axb4 Ne6 18. Qb3 Ra8 19. O-O Rfb8 20. f4 exf4 21. Rxa8 Rxa8 22. c5 Qe7 23. gxf4 Bh6 24. Qb2 Qd7 25. e5 Ne7 26. Ng3 Nd5 27. f5 Bxd2 28. Qxd2 Ng7 29. fxg6 hxg6 30. Ne4 c6 31. Nf6+ Nxf6 32. exf6 Nh5 33. Qg5 Qe6 34. Qh4 Qe3+ 35. Kh2 Qe5+ 36. Kg1 Qe3+ 37. Kh2 Qxd3 38. Rf2 Re8 39. Bf3 Qf5 40. Bxh5 Qxh5 41. Qxd4 Qe5+ 42. Qxe5 Rxe5 43. Rf4 Rf5 44. Kg3 Rd5 45. Re4 Rd3+ 46. Kg4 Kf8 47. h4 Rd5 48. Kf3 Rf5+ 49. Ke3 Rxf6 50. Kd4 Re6 51. Rf4 Ke7 52. Kc4 Re1 53. Rg4 Ke6 54. Kb3 Ke5 55. Rg3 Kf4 56. Rg2 Rf1 57. Ka4 Ra1+ 58. Kb3 Rf1 59. Ka4 Ra1+ 60. Kb3 Kf3 61. Rd2 f5 62. Rd7 Kg4 63. Rxb7 f4 64. Rb6 f3 65. Rxc6 f2 66. Rxg6+ Kf5 67. Rg8 Ra6 68. Rf8+ Rf6 69. Rxf6+ Kxf6 70. Ka4 f1=Q 71. Ka5 Qa1+ 72. Kb6 Ke6 73. h5 Qa4 74. b5 Kd7 75. h6 Kc8 76. c6 Qd4+ 77. Ka6 Kc7 78. Ka5 Qa1+ 0-1

[Event "Perth AUS Open"]
[Site "?"]
[Date "2023.01.03"]
[Round "2.33"]
[White "Huang Hui"]
[Black "Pimenov, Alex"]
[Result "0-1"]
[WhiteElo "1514"]
[BlackElo "1800"]
[PlyCount "84"]
[EventDate "2023.01.??"]
[EventRounds "11"]
[EventCountry "AUS"]
[SourceVersionDate "2023.01.02"]

1. d4 Nf6 2. Bf4 g6 3. Nc3 d6 4. e4 Bg7 5. Qd2 O-O 6. O-O-O h5 7. f3 c6 8. Bh6 b5 9. Bxg7 Kxg7 10. h4 b4 11. Na4 Qa5 12. b3 Nbd7 13. Qg5 Qxg5+ 14. hxg5 Ne8 15. Nh3 Nc7 16. c3 bxc3 17. Nxc3 Ba6 18. Kb2 c5 19. dxc5 Nxc5 20. Nf4 Bb7 21. Bc4 Rfd8 22. b4 N5e6 23. Nxe6+ fxe6 24. Rhe1 Rac8 25. Bb3 Kf8 26. a4 d5 27. exd5 exd5 28. Rd4 Rd6 29. Re5 a6 30. f4 Ne6 31. Rdxd5 Bxd5 32. Nxd5 Re8 33. g3 Nd4 34. Nc3 Nxb3 35. Kxb3 Rd3 36. Kb2 Kf7 37. Ne4 Rb8 38. Nc5 Rxb4+ 39. Kc2 Rxg3 40. Re2 Rc4+ 41. Kb2 Rxc5 42. Re4 h4 0-1

[Event "Perth AUS Open"]
[Site "?"]
[Date "2023.01.03"]
[Round "2.34"]
[White "Gunawan, Marco"]
[Black "Barry, David"]
[Result "1/2-1/2"]
[WhiteElo "1507"]
[BlackElo "1647"]
[PlyCount "64"]
[EventDate "2023.01.??"]
[EventRounds "11"]
[EventCountry "AUS"]
[SourceVersionDate "2023.01.02"]

1. c4 Nf6 2. Nc3 e6 3. d4 Bb4 4. Bd2 c5 5. e3 cxd4 6. exd4 d5 7. Nf3 O-O 8. c5 b6 9. a3 Bxc3 10. Bxc3 Ne4 11. Qc2 Nxc3 12. Qxc3 bxc5 13. dxc5 a5 14. b4 e5 15. Rc1 d4 16. Qd2 axb4 17. axb4 Qd5 18. Bc4 Qe4+ 19. Qe2 Qxe2+ 20. Kxe2 Be6 21. Bxe6 fxe6 22. Rc2 Nc6 23. b5 d3+ 24. Kxd3 Nb4+ 25. Kc3 Nxc2 26. Kxc2 Ra5 27. Rb1 Rb8 28. Nxe5 Raxb5 29. Rxb5 Rxb5 30. Nd3 Kf7 31. Kc3 Ke7 32. Kd4 Ra5 1/2-1/2

[Event "Perth AUS Open"]
[Site "?"]
[Date "2023.01.03"]
[Round "2.35"]
[White "Allison, Brian C"]
[Black "McCarrick, Clare"]
[Result "1-0"]
[WhiteElo "1624"]
[BlackElo "1488"]
[PlyCount "37"]
[EventDate "2023.01.??"]
[EventRounds "11"]
[EventCountry "AUS"]
[SourceVersionDate "2023.01.02"]

1. f4 Nf6 2. Nc3 e6 3. e4 d6 4. Nf3 Nbd7 5. d4 c5 6. Be3 Qc7 7. e5 Ng4 8. Bg1 cxd4 9. Nxd4 dxe5 10. Ndb5 Qa5 11. Qxg4 a6 12. Nd6+ Bxd6 13. Qxg7 Rf8 14. O-O-O Bb4 15. Nb1 Qxa2 16. fxe5 Nc5 17. Rd8+ Kxd8 18. Qxf8+ Kc7 19. Qd6# 1-0

[Event "Perth AUS Open"]
[Site "?"]
[Date "2023.01.03"]
[Round "2.36"]
[White "Rafiei Darani, Daryoush"]
[Black "Hernandez Mendez, Iker"]
[Result "1-0"]
[WhiteElo "1504"]
[BlackElo "1611"]
[PlyCount "83"]
[EventDate "2023.01.??"]
[EventRounds "11"]
[EventCountry "AUS"]
[SourceVersionDate "2023.01.02"]

1. e4 c5 2. d4 cxd4 3. c3 Nf6 4. e5 Nd5 5. cxd4 d6 6. Nf3 Nc6 7. Nc3 Nxc3 8. bxc3 Bg4 9. Bc4 d5 10. Bd3 e6 11. Qb3 Qc7 12. Rb1 Bxf3 13. gxf3 Rc8 14. O-O b6 15. f4 Be7 16. f5 O-O 17. Qd1 Nxe5 18. dxe5 Qxe5 19. Bd2 exf5 20. Re1 Qf6 21. Qf3 Bc5 22. Bxf5 Rc6 23. Re2 Rd8 24. Rbe1 Bf8 25. Qd3 g6 26. Bh3 Qh4 27. Bg2 Rc4 28. Qg3 Rd7 29. Qxh4 Rxh4 30. Re8 Kg7 31. Be3 Ra4 32. Rxf8 Rxa2 33. Re8 f6 34. Bd4 Kf7 35. Bxd5+ Kg7 36. R1e7+ Kh6 37. Rxd7 Ra1+ 38. Kg2 a5 39. Be3+ g5 40. Be4 Kh5 41. Rxh7+ Kg4 42. h3# 1-0

[Event "Perth AUS Open"]
[Site "?"]
[Date "2023.01.03"]
[Round "2.37"]
[White "Yeung, Evan"]
[Black "Raptis, Liam"]
[Result "1-0"]
[WhiteElo "1608"]
[BlackElo "1436"]
[PlyCount "59"]
[EventDate "2023.01.??"]
[EventRounds "11"]
[EventCountry "AUS"]
[SourceVersionDate "2023.01.02"]

1. d4 d5 2. c4 c6 3. Nc3 Nf6 4. Nf3 Bf5 5. cxd5 cxd5 6. Bf4 a6 7. h3 Nc6 8. e3 e6 9. Rc1 Rc8 10. Bd3 Bg6 11. Ne5 Bd6 12. O-O O-O 13. Qe2 Bxe5 14. Bxe5 Bxd3 15. Qxd3 Nxe5 16. dxe5 Nd7 17. f4 Nc5 18. Qe2 f6 19. exf6 Qxf6 20. Rcd1 Rfd8 21. Rd4 Rc7 22. f5 Rcd7 23. fxe6 Qxe6 24. Rdf4 Ne4 25. Nxe4 dxe4 26. Qf2 Qe7 27. Qc2 Rd3 28. Qc4+ Kh8 29. Qc7 R3d7 30. Qxd7 1-0

[Event "Perth AUS Open"]
[Site "?"]
[Date "2023.01.03"]
[Round "2.38"]
[White "Sheridan, Wallace"]
[Black "McAteer, Ian"]
[Result "1/2-1/2"]
[WhiteElo "1461"]
[BlackElo "1605"]
[PlyCount "113"]
[EventDate "2023.01.??"]
[EventRounds "11"]
[EventCountry "AUS"]
[SourceVersionDate "2023.01.02"]

1. d4 f5 2. Bg5 h6 3. Bh4 g5 4. e3 Nf6 5. Bg3 d6 6. h4 g4 7. h5 Bg7 8. Nc3 Nc6 9. Nge2 e5 10. dxe5 dxe5 11. Qxd8+ Kxd8 12. O-O-O+ Bd7 13. Nd5 Nxd5 14. Rxd5 Ke7 15. Nc3 a6 16. a3 Be6 17. Rd1 Rad8 18. Be2 Rxd1+ 19. Rxd1 Rd8 20. f3 Rxd1+ 21. Bxd1 gxf3 22. Bxf3 e4 23. Be2 Be5 24. Bh4+ Bf6 25. Bg3 Ne5 26. b3 c6 27. Kd2 Bf7 28. Nd1 Nd7 29. Nf2 Nb6 30. Nh3 Nd5 31. Nf4 Nc3 32. Bf1 Nb1+ 33. Kc1 Nxa3 34. Be2 Nb5 35. Ng6+ Ke8 36. Bf4 Bg7 37. Nh4 Be6 38. c4 Nc3 39. Bf1 a5 40. g3 a4 41. bxa4 Kf7 42. Ng6 Nxa4 43. Ne5+ Ke8 44. Kc2 Nc5 45. Be2 Bc8 46. g4 Ke7 47. gxf5 Bxf5 48. Ng4 Bxg4 49. Bxg4 b5 50. cxb5 cxb5 51. Be2 b4 52. Bc4 Bf8 53. Be5 Kd7 54. Bd5 Ke8 55. Bd4 Be7 56. Bxc5 Bxc5 57. Bxe4 1/2-1/2

[Event "Perth AUS Open"]
[Site "?"]
[Date "2023.01.03"]
[Round "2.39"]
[White "Rice, Lauren"]
[Black "Ong, Celine"]
[Result "1-0"]
[WhiteElo "1594"]
[BlackElo "1376"]
[PlyCount "67"]
[EventDate "2023.01.??"]
[EventRounds "11"]
[EventCountry "AUS"]
[SourceVersionDate "2023.01.02"]

1. c4 e6 2. d4 d5 3. Nf3 Nf6 4. g3 c6 5. Nbd2 Bd6 6. Bg2 Nbd7 7. O-O O-O 8. Qc2 e5 9. cxd5 cxd5 10. dxe5 Nxe5 11. Nxe5 Bxe5 12. Nf3 Bd6 13. Rd1 h6 14. Qb3 Re8 15. Be3 b6 16. Nd4 Bb7 17. Nf5 Bc7 18. Rd2 Re5 19. Qc2 Bc8 20. Nd4 Rh5 21. Nb5 Be5 22. f4 Bb8 23. Qc6 Qe7 24. Qxc8+ Kh7 25. Qc2+ g6 26. Bd4 Ng4 27. Qc3 a6 28. Bf3 Qd7 29. Bh8 d4 30. Qxd4 Qxd4+ 31. Bxd4 Rxb5 32. Bxa8 h5 33. Bc3 Nh6 34. Rd8 1-0